| 000 | 00605nam a22001937a 4500 | ||
|---|---|---|---|
| 005 | 20170706123729.0 | ||
| 010 | _aENG-119119 | ||
| 020 |
_a9789384247928 _c1225.00 |
||
| 035 | _aEN-102651 | ||
| 037 | _bDBAD/PUB | ||
| 082 | _a793.1095452 | ||
| 100 | _aGurao, Rajendra G. | ||
| 245 |
_aStatistical theory / _cby Rajendra G. Gurao |
||
| 260 |
_bchandralok prakashan _c2016 _akanpur |
||
| 270 |
_a132, shivram kripa, mayur park basant vihar, _bkanpur _e208021 |
||
| 300 |
_a340.p. _c21cm(Hb) |
||
| 500 | _aincludes bibliographical refrences and index | ||
| 942 |
_2ddc _cEN _h519.5 _mGUR |
||
| 999 |
_c142324 _d142324 |
||